BLACK MAMBA:COVENANT WITH DEATH (Record no. 216329)
[ view plain ]
| 000 -LEADER | |
|---|---|
| fixed length control field | 00383nam a22001337a 4500 |
| 008 - FIXED-LENGTH DATA ELEMENTS--GENERAL INFORMATION | |
| fixed length control field | 251202b |||||||| |||| 00| 0 eng d |
| 050 ## - LIBRARY OF CONGRESS CALL NUMBER | |
| Classification number | PL 8700 .R 84 1984 |
| Item number | 1 |
| 245 ## - TITLE STATEMENT | |
| Title | BLACK MAMBA:COVENANT WITH DEATH |
| 260 ## - PUBLICATION, DISTRIBUTION, ETC. | |
| Place of publication, distribution, etc. | NAIROBI, |
| Name of publisher, distributor, etc. | HEINEMANN KENYA, |
| Date of publication, distribution, etc. | 1987, |
| 300 ## - PHYSICAL DESCRIPTION | |
| Extent | 120 P, ILL |
| 650 ## - SUBJECT ADDED ENTRY | |
| Topical term or geographic name entry element | Uganda—Drama, African drama (English) |
| 942 ## - ADDED ENTRY ELEMENTS (KOHA) | |
| Source of classification or shelving scheme | Library of Congress Classification |
| Koha item type | Long Loan Book |
| Withdrawn status | Lost status | Source of classification or shelving scheme | Damaged status | Not for loan | Collection | Home library | Current library | Shelving location | Date acquired | Inventory number | Total checkouts | Full call number | Barcode | Date last seen | Date last checked out | Copy number | Price effective from | Koha item type |
|---|---|---|---|---|---|---|---|---|---|---|---|---|---|---|---|---|---|---|
| Library of Congress Classification | Arts & Social Sciences | Kisii University Library | Kisii University Library | On Display | 12/02/2025 | 1/91 | 2 | PL 8700 .R 84 1987 | 000000003000 | 03/20/2026 | 03/06/2026 | 1 | 12/02/2025 | Long Loan Book |